000
00309nam a2200133Ia 4500
005
20251222144635.0
008
251222s9999||||xx |||||||||||||| ||spa||
020
_a
9972-9996-0-2
082
_a
869.57/C34L
100
_a
Castillo Fan, Jorge
245
0
_a
Lámpara de Fiebre
264
_b
Zignos
942
_c
LIB
999
_c
16439
_d
16439